Szczegóły MARC21

Kreatywność i innowacyjność w erze cyfrowej : twórcza destrukcja 2 /

003 -Nazwa inst., której nr kontr. jest w polu 001 [,]
    • @
    • Nazwa instytucji, której n kontrolny jest w polu 001
    • NUKAT
005 -DATA I CZAS OSTATNIEJ MODYFIKACJI [,]
    • @
    • pole kontrolne
    • 20241231113937.0
020 -Międzynarod. znormalizowany nr książki - ISBN [ , ]
    • a
    • Numer ISBN
    • 9788373789159 Find
040 -Instytucja sporządzająca opis [ , ]
    • a
    • Instytucja, która sporządziła opis (NP)
    • OLSZT 003/JG
    • c
    • Instytucja, która sporządziła rekord (NP)
    • OLSZT 003/JGs
    • d
    • Instytucja, która zmodyfikowała rekord (P)
    • OLSZT 003/DK
    • d
    • Instytucja, która zmodyfikowała rekord (P)
    • WA 241/KR
041 -Język dokumentu [0, ]
    • a
    • Język tekstu (P)
    • polski
    • b
    • Język streszczeń lub abstraktu (P)
    • angielski
942 -Rodzaj dokumentu [ , ]
    • c
    • Rodzaj dokumentu
    • Książka
245 -Strefa tytułu i oznaczenia odpowiedzialności [0,0]
    • a
    • Tytuł
    • Kreatywność i innowacyjność w erze cyfrowej : Find
    • b
    • Ciąg dalszy tytułu (NP)
    • twórcza destrukcja 2 / Find
    • c
    • Pozostałe elementy strefy tytułu i oznaczenia odpowiedzialności (NP)
    • red. nauk. Anna Zorska, Małgorzata Molęda-Zdziech, Bohdan Jung.
260 -Strefa adresu wydawniczego [ , ]
    • a
    • Miejsce wydania (P)
    • Warszawa :
    • b
    • Nazwa wydawcy (P)
    • Oficyna Wydawnicza. Szkoła Główna Handlowa,
    • c
    • Data wydania (P)
    • 2014.
300 -Strefa opisu fizycznego [ , ]
    • a
    • Określenie formy książki i/lub objętość (NP)
    • 273 s. :
    • b
    • Oznaczenie ilustracji (NP)
    • il. ;
    • c
    • Format (NP)
    • 24 cm.
336 -Typ zawartości [ , ]
    • a
    • Termin opisujący typ zawartości
    • Tekst
    • b
    • Kod określający zawartość
    • txt
    • 2
    • Źródło (terminu i kodu)
    • rdacontent
337 -Typ mediów [ , ]
    • a
    • Tryb odtwarzania
    • Bez urządzenia pośredniczącego
    • b
    • Kod typu mediów
    • n
    • 2
    • Źródło (terminu i kodu)
    • rdamedia
338 -Typ/rodzaj nośnika [ , ]
    • a
    • Hasło opisujące typ nośnika
    • Wolumin
    • b
    • Kod typu nośnika
    • nc
    • 2
    • Źródło (terminu i kodu)
    • rdacarrier
504 -Uwaga dot. bibliogr. załącznikowej [ , ]
    • a
    • Uwaga dot. bibliografii załącznikowej
    • Bibliogr. przy rozdz.
546 -Uwaga dot. języka [ , ]
    • a
    • Uwaga dot. języka
    • Streszcz. ang. przy rozdz.
080 -Uniwersalna Klasyfikacja Dziesiętna [ , ]
    • 2
    • Identyfikator wydania tablic
    • UDC-P058
    • 9
    • UKD
    • 4802
    • a
    • Symbol klasyfikacji
    • 62-043.86
    • b
    • Dopowiedzenie
    • Postęp naukowo-techniczny w ogólności.
    • 4
    • UKD2
    • 8220
    • x
    • Poddział wspólny
    • "20"
    • c
    • Dopowiedzenie poddz. wspólnego
    • Wiek XXI.
080 -Uniwersalna Klasyfikacja Dziesiętna [ , ]
    • 2
    • Identyfikator wydania tablic
    • UDC-P058
    • 9
    • UKD
    • 2769
    • a
    • Symbol klasyfikacji
    • 316.325
    • b
    • Dopowiedzenie
    • Społeczeństwa ze względu na specyficzne kryteria. Społeczeństwo informacyjne. Społeczeństwo otwarte. Społeczeństwo obywatelskie.
080 -Uniwersalna Klasyfikacja Dziesiętna [ , ]
    • 2
    • Identyfikator wydania tablic
    • UDC-P058
    • 9
    • UKD
    • 2943
    • a
    • Symbol klasyfikacji
    • 330
    • b
    • Dopowiedzenie
    • Nauki ekonomiczne w ogólności. Ekonomia polityczna.
    • 4
    • UKD2
    • 9709
    • x
    • Poddział wspólny
    • -026.15
    • c
    • Dopowiedzenie poddz. wspólnego
    • -Twórczy. Kreatywny.
080 -Uniwersalna Klasyfikacja Dziesiętna [ , ]
    • 2
    • Identyfikator wydania tablic
    • UDC-P058
    • 9
    • UKD
    • 7561
    • a
    • Symbol klasyfikacji
    • 3
    • b
    • Dopowiedzenie
    • Nauki społeczne. Prawo. Administracja.
    • 4
    • UKD2
    • 9709
    • x
    • Poddział wspólny
    • -026.15
    • c
    • Dopowiedzenie poddz. wspólnego
    • -Twórczy. Kreatywny.
080 -Uniwersalna Klasyfikacja Dziesiętna [ , ]
    • 2
    • Identyfikator wydania tablic
    • UDC-P058
    • 9
    • UKD
    • 2225
    • a
    • Symbol klasyfikacji
    • 005.94
    • b
    • Dopowiedzenie
    • Zarządzanie. Zarządzanie wiedzą.
    • 4
    • UKD2
    • 9709
    • x
    • Poddział wspólny
    • -026.15
    • c
    • Dopowiedzenie poddz. wspólnego
    • -Twórczy. Kreatywny.
650 -Hasło przedmiotowe [ ,7]
    • a
    • Hasło przedmiotowe
    • Kreatywność
    • x
    • Określnik rzeczowy
    • aspekt ekonomiczny.
    • 2
    • Źródło terminu
    • kaba
    • 9
    • KHW
    • 367288
650 -Hasło przedmiotowe [ ,7]
    • a
    • Hasło przedmiotowe
    • Innowacje
    • x
    • Określnik rzeczowy
    • aspekt ekonomiczny.
    • 2
    • Źródło terminu
    • kaba
    • 9
    • KHW
    • 112049
650 -Hasło przedmiotowe [ ,7]
    • a
    • Hasło przedmiotowe
    • Nowe technologie informacyjne i komunikacyjne
    • x
    • Określnik rzeczowy
    • aspekt ekonomiczny.
    • 2
    • Źródło terminu
    • kaba
    • 9
    • KHW
    • 372024
650 -Hasło przedmiotowe [ ,7]
    • a
    • Hasło przedmiotowe
    • Ekonomia ewolucyjna.
    • 2
    • Źródło terminu
    • kaba
    • 9
    • KHW
    • 159068
980 -Symbol UKD [ , ]
    • a
    • UKD
    • 62-043.86"20":316.325:[330:3:005.94]-026.15
700 -Hasło dodatkowe - nazwa osobowa [1, ]
    • a
    • Nazwa osobowa (NP)
    • Jung, Bohdan. Find
    • e
    • Określenie rodzaju współpracy
    • Red.
    • 9
    • KHW
    • 10283
700 -Hasło dodatkowe - nazwa osobowa [1, ]
    • a
    • Nazwa osobowa (NP)
    • Molęda-Zdziech, Małgorzata. Find
    • e
    • Określenie rodzaju współpracy
    • Red.
    • 9
    • KHW
    • 23527
700 -Hasło dodatkowe - nazwa osobowa [1, ]
    • a
    • Nazwa osobowa (NP)
    • Zorska, Anna Find
    • d
    • Daty biograficzne (NP)
    • (1947- ).
    • e
    • Określenie rodzaju współpracy
    • Red.
    • 9
    • KHW
    • 43659
710 -Hasło dodatkowe - nazwa ciała zbiorowego [2, ]
    • a
    • Nazwa ciała zbiorowego lub nazwa geograficzna jako pierwszy element (NP)
    • Szkoła Główna Handlowa (Warszawa).
    • b
    • Nazwa jednostki podrzędnej (P)
    • Oficyna Wydawnicza.
    • 4
    • Kod relacji
    • pbl
    • 9
    • KHW
    • 50749
920 -ISBN [ , ]
    • a
    • ISBN
    • 978-83-7378-915-9 Find
Sygnatura Numer inwentarzowy Status udost. Lokalizacja Data inwentaryzacji
 E.75463-2BE2014-11-14
 S.94934-2BE2014-12-30
T.18769T.18769-2T2015-03-25